[Event "IRQ-ch op 2nd"]
[Site "Baghdad"]
[Date "2013.03.06"]
[Round "1"]
[White "Didar, Mohammed Zhaher"]
[Black "Al Jelda, Fatma"]
[Result "1-0"]
[WhiteElo "2236"]
[BlackElo "1850"]
[PlyCount "55"]
[EventDate "2013.03.06"]
[EventType "swiss"]
[EventRounds "9"]
[EventCountry "IRQ"]
[SourceTitle "CBM 153 Extra"]
[Source "ChessBase"]
[SourceDate "2013.04.22"]
[SourceVersion "1"]
[SourceVersionDate "2013.04.22"]
[SourceQuality "1"]

1. d4 Nf6 2. c4 e6 3. Nf3 Bb4+ 4. Bd2 Qe7 5. e3 0-0 6. Bd3 Bxd2+ 7. Qxd2 d6 8. Nc3 e5 9. dxe5 dxe5 10. Qc2 Re8 11. Ng5 h6 12. Nge4 Nbd7 13. 0-0 Nc5 14. Nxf6+ Qxf6 15. Ne4 Qe7 16. Nxc5 Qxc5 17. Be4 c6 18. Rab1 Be6 19. Rfc1 a5 20. a3 a4 21. b4 axb3 22. Qxb3 Rxa3 23. Qxb7 Rc8 24. Rd1 Raa8 25. Rb6 Qxc4 26. Rxc6 Rd8 27. Qxa8 Rxa8 28. Rxc4 1-0